ბათუმის შოთა რუსთაველის სახელმწიფო უნივერსიტეტის ბიბლიოთეკა

საქართველოს ისტორიის საკითხები : (ბიბ.ჩანაწერი № 56124)

000 -ლიდერი
ფიქსირებული სიგრძის საკონტროლო ველი 01726nam a2200289Ia 4500
001 - საკონტროლო ნომერი
საკონტროლო ველი 23225
003 - საკონტროლო ნომრის იდენტიფიკატორი
საკონტროლო ველი GE_BSU
005 - ბოლო ოპერაციის თარიღი და დრო
საკონტროლო ველი 20230508104826.0
008 - ფიქსირებული სიგრძის მონაცემთა ელემენტები - ზოგადი ინფორმაცია
ფიქსირებული სიგრძის საკონტროლო ველი 181216s1973||||ge |||||||||||||| ||geo||
040 ## - კატალოგიზაციის წყარო
Transcribing agency GE_BSU
041 ## - ენის კოდი
Language code of text/sound track or separate title geo
080 ## - უნივერსალური ათობითი კლასიფიკაციის ინდექსი
Universal Decimal Classification number 94(479.22) ბ-57
100 ## - მთავარი ჩანაწერი - პიროვნების სახელი
Personal name ბერძენიშვილი, ნიკოლოზ
9 (RLIN) 1447
245 ## - ცნობა სათაურის შესახებ
Title საქართველოს ისტორიის საკითხები :
Remainder of title წ. 6, [X-XVIII ს.ს. საქართველო] /
Statement of responsibility, etc ნიკოლოზ ბერძენიშვილი ; საქ. სსრ მეცნ. აკად., ივ. ჯავახიშვილის სახ. ისტორიის ინ-ტი ; [სარედ. კოლეგია: გ. აკოფაშვილი, მ. დუმბაძე, გ. ჯამბურია და სხვ.]
264 ## - წარმოების, გამოცემის, დისტრიბუციის და სხვა ცნობები
გამოცემის, წარმოების, დისტრიბუციის... ადგილი თბილისი :
გამოცემის, წარმოების, დისტრიბუციის... სახელწოდება მეცნიერება,
გამოცემის, წარმოების, დისტრიბუციის... თარიღი 1973.
300 ## - ფიზიკური აღწერა
Extent 488 გვ.;
Other physical details 22 სმ.
520 ## - SUMMARY, ETC.
Summary, etc გაშლ. თავფ. რუს. ენ.
653 ## - INDEX TERM--UNCONTROLLED
Uncontrolled term საქართველოს შუა საუკუნეების ისტორია -- 10-18 სს.
700 ## - ADDED ENTRY--PERSONAL NAME
Personal name აკოფაშვილი, გ.
Relator term რედაქტორი
9 (RLIN) 18010
700 ## - ADDED ENTRY--PERSONAL NAME
Personal name დუმბაძე, მ.
Relator term რედაქტორი
9 (RLIN) 18015
700 ## - ADDED ENTRY--PERSONAL NAME
Personal name ჯამბურია, გ.
Relator term რედაქტორი
9 (RLIN) 34
700 ## - ADDED ENTRY--PERSONAL NAME
Personal name ხანთაძე, შ.
Relator term რედაქტორი
9 (RLIN) 3464
700 ## - ADDED ENTRY--PERSONAL NAME
Personal name ხოშტარია, ე.
Relator term რედაქტორი
9 (RLIN) 18016
700 ## - ADDED ENTRY--PERSONAL NAME
Personal name ნადირაძე, გ.
Relator term მხატვარი
9 (RLIN) 18017
942 ## - ADDED ENTRY ELEMENTS (KOHA)
Koha item type წიგნი
Source of classification or shelving scheme
ეგზემპლარები
ჩამოწერის სტატუსი დაკარგული ეგზემპლარის სტატუსი კლასიფიკაციის წყარო ან თაროზე გაწყობის სქემა დაზიანების სტატუსი არ გაიცემა მუდმივი მდებარეობა (დაცვის ადგილი) ამჟამინდელი ადგილსამყოფელი თაროზე განთავსების ადგილი შეძენის თარიღი ღირებულება, შესყიდვის ნორმალური ფასი სრული შენახვის შიფრი შტრიხკოდი ბოლო ოპერაციის თარიღი ეგზემპლარის მიმდევრობითი ნომერი (კეტერი?) ფასის ძალაში შესვლის თარიღი ეგზემპლარის სახეობა საჯარო შენიშვნა
          ბათუმის შოთა რუსთაველის სახელმწიფო უნივერსიტეტის მთავარი ბიბლიოთეკა ბათუმის შოთა რუსთაველის სახელმწიფო უნივერსიტეტის მთავარი ბიბლიოთეკა წიგნსაცავი 2018-12-17 5.60 94(479.22) ბ-57 28203 2018-12-17 28203 2018-12-17 წიგნი 5 ლ. 60 თ.